000 00475nam a22001577a 4500
003 OSt
005 20260116101358.0
008 260116b |||||||| |||| 00| 0 eng d
020 _a9782747028
100 _aOsuagwu E Oliver
245 _aSoftware Engineering: A Pragmatic and Technical Perspectives
_c/Oliver E Osuagwu
250 _a2nd ed
260 _aImo State, Nigeria;
_bOlliverson Industrial Publishing House;
_c2008.
300 _avii; 585p.;
_c24.5cm
942 _2lcc
_n0
_cBK
999 _c124
_d124